[Event "Biel op"]
[Site "Biel"]
[Date "1995.??.??"]
[Round "5"]
[White "Vaisser, Anatoli"]
[Black "Kaminski, Marcin"]
[Result "1/2-1/2"]
[WhiteElo "2555"]
[BlackElo "2495"]
[PlyCount "93"]
[EventDate "1995.07.??"]
[Source "ChessBase"]

1. d4 Nf6 2. c4 g6 3. Nc3 Bg7 4. e4 d6 5. f4 O-O 6. Nf3 Na6 7. Be2 e5 8. fxe5 dxe5 9. d5 c6 10. O-O cxd5 11. cxd5 Qb6+ 12. Kh1 Ng4 13. Qe1 Nb4 14. Na4 Qd6 15. Qc3 Nxd5 16. exd5 e4 17. Qc5 Qxc5 18. Nxc5 exf3 19. Bxf3 Ne5 20. Be2 Rd8 21. Rd1 Bg4 22. Bxg4 Nxg4 23. Kg1 Rac8 24. Nxb7 Rd7 25. h3 Nf6 26. Na5 Rxd5 27. Rxd5 Nxd5 28. Nb3 Rc2 29. Rb1 f5 30. Kf1 Nb4 31. a3 Nd3 32. Be3 Bxb2 33. Bxa7 Bxa3 34. Rd1 Rc3 35. Nd4 Rc1 36. Rxc1 Bxc1 37. Ke2 Ne5 38. Nf3 Nc6 39. Be3 Bxe3 40. Kxe3 Kg7 41. g4 Kf6 42. Kf4 Nd8 43. g5+ Ke6 44. Nd4+ Ke7 45. Ke5 Nf7+ 46. Kf4 Nd6 47. h4 1/2-1/2

[Event "Banja Luka BIH"]
[Site "Banja Luka BIH"]
[Date "1979.??.??"]
[Round "4"]
[White "Hernandez, Roman O"]
[Black "Kasparov, Gary"]
[Result "0-1"]
[WhiteElo "2500"]
[BlackElo "2545"]
[PlyCount "50"]
[EventDate "1979.??.??"]
[Source "www.chesslib.no"]
[SourceDate "2004.05.04"]

1. c4 g6 2. Nc3 Bg7 3. d4 c5 4. d5 Nf6 5. e4 d6 6. Bd3 O-O 7. f4 a6 8. Nge2 b5 9. cxb5 axb5 10. Nxb5 Ba6 11. Nec3 c4 12. Bc2 Bxb5 13. Nxb5 Qa5+ 14. Nc3 Nfd7 15. Qf3 Na6 16. O-O Nb4 17. Qe2 Nc5 18. Be3 Nbd3 19. e5 dxe5 20. fxe5 Bxe5 21. Bh6 Rfb8 22. Qf3 f5 23. g4 Rxb2 24. gxf5 Qxc3 25. fxg6 Qd4+ 0-1

[Event "Montpellier op"]
[Site "Montpellier"]
[Date "1999.??.??"]
[Round "4"]
[White "Rausis, Igors"]
[Black "Degraeve, Jean Marc"]
[Result "1/2-1/2"]
[WhiteElo "2508"]
[BlackElo "2536"]
[PlyCount "102"]
[EventDate "1999.??.??"]
[Source "www.chesslib.no"]
[SourceDate "2004.05.04"]

1. d4 Nf6 2. c4 g6 3. Nc3 Bg7 4. e4 d6 5. f4 O-O 6. Nf3 Na6 7. e5 Nd7 8. Be2 c5 9. exd6 exd6 10. O-O f5 11. Be3 Nf6 12. Kh1 b6 13. Qd2 Nc7 14. Rad1 Bb7 15. Rfe1 Re8 16. Bg1 Qe7 17. Bd3 Qf8 18. d5 Rxe1 19. Rxe1 Re8 20. a3 Rxe1 21. Qxe1 Nh5 22. Be3 Qe8 23. Bd2 Qxe1+ 24. Nxe1 Bxc3 25. bxc3 Nf6 26. Kg1 Bc8 27. Nc2 Bd7 28. Ne3 Kf7 29. Be1 Nh5 30. g3 Nf6 31. h3 h5 32. Kf2 a6 33. Kf3 Ba4 34. Ke2 Bb3 35. Kd2 b5 36. cxb5 axb5 37. c4 bxc4 38. Nxc4 Ne4+ 39. Kc1 h4 40. gxh4 Nxd5 41. Na5 Ba4 42. Bc4 Nef6 43. h5 gxh5 44. Bh4 Kg6 45. Nb7 Nxf4 46. Nxd6 Nxh3 47. Bf7+ Kg7 48. Be6 Nf4 49. Nxf5+ Kg6 50. Ne7+ Kg7 51. Nf5+ Kg6 1/2-1/2

[Event "Bucharest-A"]
[Site "Bucharest ROM"]
[Date "1994.??.??"]
[Round "?"]
[White "Komarov, Dimitri"]
[Black "Istratescu, Andrei"]
[Result "1-0"]
[WhiteElo "2535"]
[BlackElo "2505"]
[PlyCount "73"]
[EventDate "1994.??.??"]
[Source "www.chesslib.no"]
[SourceDate "2004.05.04"]

1. d4 Nf6 2. c4 g6 3. Nc3 Bg7 4. e4 d6 5. f4 O-O 6. Nf3 Na6 7. Be2 e5 8. fxe5 dxe5 9. d5 c6 10. O-O cxd5 11. cxd5 Ne8 12. Be3 Nd6 13. Nd2 Nc7 14. Nc4 Nce8 15. a4 f5 16. Qb3 Nxc4 17. Bxc4 Nd6 18. Bd3 Rf7 19. Nb5 fxe4 20. Rxf7 Nxf7 21. Bxe4 a6 22. Nc3 Nd6 23. Bc5 Nxe4 24. Nxe4 Bf5 25. d6+ Kh8 26. Qd5 Qd7 27. Rd1 Qc6 28. Qxc6 bxc6 29. Nc3 Rb8 30. a5 Bf6 31. Bb6 Bd8 32. Bxd8 Rxd8 33. Rd2 c5 34. b3 Kg8 35. Na4 Bd7 36. Nxc5 Bb5 37. Kf2 1-0

[Event "Terres Catalanes"]
[Site "Manresa"]
[Date "1996.??.??"]
[Round "7"]
[White "Cifuentes Parada, Roberto"]
[Black "Ubilava, Elizbar"]
[Result "1/2-1/2"]
[WhiteElo "2500"]
[BlackElo "2540"]
[PlyCount "37"]
[EventDate "1996.09.??"]
[Source "ChessBase"]

1. d4 Nf6 2. c4 g6 3. Nc3 Bg7 4. e4 d6 5. f4 O-O 6. Nf3 Na6 7. Be2 e5 8. dxe5 dxe5 9. Nxe5 Nc5 10. Bf3 Qxd1+ 11. Kxd1 Rd8+ 12. Kc2 Nfxe4 13. Nxe4 Bf5 14. Re1 Bxe5 15. fxe5 Rd4 16. Kc3 Rd3+ 17. Kc2 Rd4 18. Kc3 Rd3+ 19. Kc2 1/2-1/2

[Event "Tel Aviv"]
[Site "Tel Aviv"]
[Date "1992.??.??"]
[Round "10"]
[White "Vaisser, Anatoli"]
[Black "Berkovich, Mark A"]
[Result "1/2-1/2"]
[WhiteElo "2580"]
[BlackElo "2455"]
[PlyCount "53"]
[EventDate "1992.04.??"]
[Source "ChessBase"]

1. d4 Nf6 2. c4 g6 3. Nc3 Bg7 4. e4 d6 5. f4 O-O 6. Nf3 Na6 7. Bd3 e5 8. fxe5 dxe5 9. d5 c6 10. O-O cxd5 11. cxd5 Ne8 12. Qe2 Nc5 13. Bg5 f6 14. Bh4 Nxd3 15. Qxd3 Nd6 16. Nd2 Bd7 17. Nc4 Qc7 18. Nxd6 Qxd6 19. Bf2 f5 20. a4 a6 21. b4 Rac8 22. Bc5 Rxc5 23. bxc5 Qxc5+ 24. Kh1 Qd4 25. Rf3 Rc8 26. Re1 Bh6 27. exf5 1/2-1/2

[Event "Corr"]
[Site "?"]
[Date "2000.09.25"]
[Round "?"]
[White "Mercadal Benejam Jose (ESP)"]
[Black "Jorgensen Arne Bjorn (DEN)"]
[Result "1/2-1/2"]
[WhiteElo "2514"]
[BlackElo "2520"]
[PlyCount "40"]
[EventDate "2000.??.??"]
[Source "www.chesslib.no"]
[SourceDate "2004.05.04"]

1. d4 Nf6 2. c4 g6 3. Nc3 Bg7 4. e4 d6 5. f4 O-O 6. Nf3 c5 7. dxc5 Qa5 8. Bd3 Qxc5 9. Qe2 Bg4 10. Be3 Qa5 11. O-O Nc6 12. Rac1 Nd7 13. Qd2 Nc5 14. Bb1 Na4 15. Nxa4 Qxa4 16. h3 Bxf3 17. Rxf3 Qb4 18. Qxb4 Nxb4 19. Rf2 Nc6 20. Rd2 a5 1/2-1/2

[Event "Corr"]
[Site "?"]
[Date "2000.??.??"]
[Round "?"]
[White "Mercadal Benejam Josep"]
[Black "Aldrete Lobo Jorge"]
[Result "1/2-1/2"]
[WhiteElo "2515"]
[BlackElo "2515"]
[PlyCount "68"]
[EventDate "2000.??.??"]
[Source "www.chesslib.no"]
[SourceDate "2004.05.04"]

1. d4 Nf6 2. c4 g6 3. Nc3 Bg7 4. e4 d6 5. f4 Na6 6. Nf3 c5 7. d5 O-O 8. Bd3 Rb8 9. O-O Nc7 10. e5 Nd7 11. exd6 exd6 12. f5 b5 13. cxb5 Nb6 14. Bg5 Bf6 15. Bxf6 Qxf6 16. fxg6 fxg6 17. Be4 a6 18. a4 axb5 19. axb5 Bf5 20. Qd2 Bxe4 21. Nxe4 Qf4 22. Qxf4 Rxf4 23. Nxd6 Nbxd5 24. Rfc1 Rb6 25. Nc4 Rxb5 26. Nfe5 Rb4 27. g3 Re4 28. Ra7 Ne6 29. h3 g5 30. Ra8+ Kg7 31. Ra6 Ndc7 32. Ra7 h5 33. Kg2 g4 34. h4 Kg8 1/2-1/2

[Event "URS Team Ch"]
[Site "Podolsk RUS"]
[Date "1990.??.??"]
[Round "?"]
[White "Glek, Igor V"]
[Black "Kuzmin, Alexey"]
[Result "1/2-1/2"]
[WhiteElo "2535"]
[BlackElo "2495"]
[PlyCount "91"]
[EventDate "1990.??.??"]
[Source "www.chesslib.no"]
[SourceDate "2004.05.04"]

1. d4 Nf6 2. c4 g6 3. Nc3 Bg7 4. e4 d6 5. f4 O-O 6. Nf3 Na6 7. e5 Nd7 8. Qe2 c5 9. d5 Nb6 10. Ne4 Bg4 11. Neg5 f6 12. h3 Bxf3 13. Nxf3 e6 14. dxe6 fxe5 15. fxe5 Qe7 16. Be3 dxe5 17. O-O-O Nc7 18. Ng5 Nxe6 19. Nxe6 Qxe6 20. Qg4 Qxg4 21. hxg4 Rfd8 22. Rxd8+ Rxd8 23. Bxc5 e4 24. b3 Nd7 25. Be3 Ne5 26. Be2 a6 27. g5 Nd3+ 28. Kc2 Nb4+ 29. Kb1 Nc6 30. Bg4 Bd4 31. Be6+ Kg7 32. Bc1 Re8 33. Bd5 e3 34. Re1 Re5 35. a3 Rxg5 36. Bxe3 Bxe3 37. Rxe3 h5 38. Re6 Rg3 39. Kb2 a5 40. Rd6 Ne5 41. Rb6 Nd3+ 42. Kb1 Nf4 43. Rxb7+ Kf6 44. Bg8 Rxg2 45. c5 Nd3 46. c6 1/2-1/2

[Event "Szirak"]
[Site "?"]
[Date "1986.??.??"]
[Round "?"]
[White "Flear, G."]
[Black "Spraggett, K."]
[Result "1/2-1/2"]
[WhiteElo "2505"]
[BlackElo "2525"]
[PlyCount "121"]
[EventDate "1986.??.??"]
[Source "ChessBase"]
[SourceDate "1986.07.01"]

1. d4 Nf6 2. c4 g6 3. Nc3 Bg7 4. e4 d6 5. f4 O-O 6. Nf3 c5 7. dxc5 Qa5 8. Bd3 Qxc5 9. Qe2 Bg4 10. Be3 Qa5 11. O-O Nc6 12. Rac1 Nd7 13. Qf2 Bxf3 14. gxf3 Rac8 15. Kh1 Rfe8 16. Rfd1 Nc5 17. Bf1 b6 18. Qg2 Rcd8 19. f5 e6 20. fxe6 fxe6 21. Nb5 Qxa2 22. Nxd6 Rf8 23. Qh3 Rf6 24. e5 Nxe5 25. Ne4 Rff8 26. Rxd8 Rxd8 27. Bxc5 bxc5 28. Qxe6+ Nf7 29. Ng5 Rf8 30. Rd1 Bd4 31. Bd3 Qb3 32. Rd2 Qb6 33. Qxb6 axb6 34. Ne6 Be3 35. Re2 Re8 36. Rxe3 Ng5 37. Be4 Nxe6 38. Bc6 Re7 39. Bd5 Kf7 40. Rb3 Kg7 41. Rxb6 Nf4 42. Be4 Rd7 43. Kg1 Rd2 44. b4 cxb4 45. Rxb4 Rg2+ 46. Kh1 Rd2 47. Rb1 Nh3 48. Rc1 Nf2+ 49. Kg1 Nxe4 50. fxe4 Re2 51. c5 Rxe4 52. c6 Re8 53. Kf2 Kf6 54. Kf3 Rc8 55. Kf4 Ke6 56. Kg5 Kd6 57. Kh6 Rxc6 58. Rxc6+ Kxc6 59. Kxh7 g5 60. Kg6 Kd7 61. Kxg5 1/2-1/2

[Event "Ano Liosia op"]
[Site "Ano Liosia"]
[Date "2001.01.05"]
[Round "8"]
[White "Gustafsson, Jan"]
[Black "Schmaltz, Roland"]
[Result "1/2-1/2"]
[WhiteElo "2506"]
[BlackElo "2523"]
[PlyCount "48"]
[EventDate "2000.12.27"]
[Source "ChessBase"]
[SourceDate "2001.01.11"]

1. d4 g6 2. e4 Bg7 3. c4 d6 4. Nc3 Nf6 5. f4 O-O 6. Nf3 Na6 7. Be2 e5 8. dxe5 dxe5 9. Nxe5 Nc5 10. Bf3 Qxd1+ 11. Kxd1 Rd8+ 12. Kc2 Nfxe4 13. Nxe4 Bf5 14. Re1 Bxe5 15. fxe5 Rd4 16. Kc3 Rd3+ 17. Kc2 Rd4 18. Kc3 Rd3+ 19. Kb4 Na6+ 20. Ka5 b6+ 21. Kxa6 Bc8+ 22. Kb5 Bd7+ 23. Ka6 Bc8+ 24. Kb5 Bd7+ 1/2-1/2

[Event "I ISLA-Melia Cohiba"]
[Site "I ISLA-Melia Cohiba"]
[Date "1995.??.??"]
[Round "?"]
[White "Cifuentes Parada, Roberto"]
[Black "Becerra Rivero, Julio"]
[Result "0-1"]
[WhiteElo "2535"]
[BlackElo "2490"]
[PlyCount "42"]
[EventDate "1995.??.??"]
[Source "www.chesslib.no"]
[SourceDate "2004.05.04"]

1. d4 Nf6 2. c4 g6 3. Nc3 Bg7 4. e4 O-O 5. f4 d6 6. Nf3 Bg4 7. Be3 c5 8. dxc5 Qa5 9. Bd3 dxc5 10. e5 Nfd7 11. h3 Bxf3 12. Qxf3 Nc6 13. O-O Rad8 14. Rfd1 Nb6 15. a3 f6 16. exf6 Bxf6 17. Kh1 Bxc3 18. bxc3 Qxc3 19. Qe4 Qf6 20. Bxc5 Na4 21. Bb4 Nb2 0-1

[Event "Andorra la Vella op"]
[Site "Andorra la Vella"]
[Date "1999.07.02"]
[Round "7"]
[White "Gretarsson, Helgi Ass"]
[Black "Kuzmin, Alexey"]
[Result "1/2-1/2"]
[WhiteElo "2459"]
[BlackElo "2559"]
[PlyCount "57"]
[EventDate "1999.06.27"]
[Source "www.chesslib.no"]
[SourceDate "2004.05.04"]

1. d4 Nf6 2. c4 g6 3. Nc3 Bg7 4. e4 d6 5. f4 c5 6. dxc5 Qa5 7. Bd3 Nfd7 8. Bd2 Nxc5 9. Bc2 Nc6 10. Nd5 Qd8 11. Bc3 Bxc3+ 12. Nxc3 e5 13. Qd2 Be6 14. b3 exf4 15. O-O-O O-O 16. Nge2 Qa5 17. Nxf4 b5 18. cxb5 Nb4 19. Kb2 Rfe8 20. Bb1 a6 21. b6 Rab8 22. Nxe6 Nxe6 23. a3 Qe5 24. axb4 Rxb6 25. Rc1 Nd4 26. Nd5 Nc2+ 27. Nc3 Nd4 28. Nd5 Nc2+ 29. Nc3 1/2-1/2

[Event "Dos Hermanas op"]
[Site "Dos Hermanas"]
[Date "2000.04.15"]
[Round "9"]
[White "Cifuentes Parada, Roberto"]
[Black "Damljanovic, Branko"]
[Result "1/2-1/2"]
[WhiteElo "2483"]
[BlackElo "2534"]
[PlyCount "312"]
[EventDate "2000.04.??"]
[Source "ChessBase"]
[SourceDate "2000.05.11"]

1. d4 Nf6 2. c4 g6 3. Nc3 Bg7 4. e4 d6 5. f4 c5 6. dxc5 Qa5 7. Bd2 Qxc5 8. b4 Qc7 9. Rc1 O-O 10. Bd3 Nc6 11. a3 e5 12. Nf3 Bg4 13. h3 Bxf3 14. Qxf3 Nd4 15. Qd1 Nh5 16. Nd5 Qd8 17. O-O exf4 18. Nxf4 Nxf4 19. Bxf4 Ne6 20. Be3 a5 21. Qd2 axb4 22. axb4 Ra3 23. Kh1 Be5 24. Be2 Qh4 25. Bf3 Qg3 26. Bg1 Ng5 27. Qe1 Qxe1 28. Rcxe1 h5 29. c5 dxc5 30. bxc5 Rd8 31. Rb1 Rd7 32. Bh2 Bxh2 33. Kxh2 Rc7 34. e5 Rxc5 35. Rxb7 Rxe5 36. h4 Ne6 37. Bc6 Nd8 38. Rb8 Rd3 39. Bf3 Rd4 40. Rd1 Rxd1 41. Bxd1 Rd5 42. Bf3 Rd4 43. Kg3 Kg7 44. Kf2 Ne6 45. g3 Nc5 46. Rc8 Ne6 47. Ke3 Rd7 48. Rc4 Ra7 49. Bd5 Nf8 50. Rc3 Nd7 51. Rb3 Ra5 52. Bf3 Re5+ 53. Kf2 Nf6 54. Rb4 Ra5 55. Rd4 Ng8 56. Rd2 Nh6 57. Rb2 Ra3 58. Rc2 Nf5 59. Rb2 Kf6 60. Rb6+ Ke5 61. Rb5+ Kf6 62. Rb6+ Ke7 63. Rb7+ Ke6 64. Rb6+ Nd6 65. Rb2 Rd3 66. Re2+ Kf6 67. Ra2 Kg7 68. Ke2 Rc3 69. Kf2 Nc4 70. Re2 Kf6 71. Ra2 Ne5 72. Be2 Kf5 73. Ra5 Rc6 74. Ke3 Rb6 75. Bd3+ Ke6 76. Ra6 Rxa6 77. Bxa6 f5 78. Kf4 Kf6 79. Bb5 Nf7 80. Be8 Nd8 81. Ke3 Ne6 82. Kf3 Nc7 83. Bd7 Ke5 84. Bc6 Ne6 85. Be8 Kf6 86. Ke3 Nc5 87. Kf3 Ne4 88. Kf4 Nc3 89. Kf3 Nd5 90. Bc6 Ke5 91. Be8 Ne7 92. Bf7 f4 93. Be8 fxg3 94. Kxg3 Nf5+ 95. Kh3 Kf6 96. Bb5 Nd6 97. Bd3 Nf5 98. Bb5 Ke7 99. Bc4 Kd6 100. Bf7 Ne7 101. Kg3 Ke5 102. Be8 Kf5 103. Bd7+ Kf6 104. Be8 Nf5+ 105. Kh3 Nd6 106. Ba4 Ke5 107. Bc2 Ne4 108. Ba4 Nc5 109. Be8 Kf5 110. Bf7 Nd3 111. Be8 Nf2+ 112. Kg3 Ne4+ 113. Kh3 Nd6 114. Ba4 Kf4 115. Bc2 Nf5 116. Bb1 Kf3 117. Bc2 Ne7 118. Bb3 Kf2 119. Bf7 Kf3 120. Bb3 Ke3 121. Bf7 Kd4 122. Be8 Ke4  23. Bf7 Kf3 124. Be8 Nd5 125. Bc6 Ke4 126. Kg3 Ke5 127. Be8 Kf5 128. Bd7+ Kf6 129. Be8 Ne3 130. Kh3 Nd5 131. Kg3 Ne7 132. Kh3 Ke6 133. Ba4 Nd5 134. Bb3 Ke5 135. Kg3 Ne3 136. Bf7 Kf5 137. Be8 Nc4 138. Bd7+ Kf6 139. Be8 Nd6 140. Bd7 Ke5 141. Kh3 Ke4 142. Ba4 Ke3 143. Bc2 Ne4 144. Bb1 Kf3 145. Bc2 Nf2+ 146. Kh2 Ng4+ 147. Kh3 Ne5 148. Bb1 Kf4 149. Bc2 Kf3 150. Bb1 Ke3 151. Kg3 Kd4 152. Kf4 Kd5 153. Be4+ Kd6 154. Kg5 Ke6 155. Bxg6 Nf3+ 156. Kxh5 Nxh4 1/2-1/2

[Event "Open A"]
[Site "Zadar CRO"]
[Date "2007.12.21"]
[Round "8"]
[White "Cebalo, M."]
[Black "Saric, Iv"]
[Result "0-1"]
[WhiteElo "2550"]
[BlackElo "2466"]
[PlyCount "150"]
[EventDate "2007.12.16"]
[Source "www.chesslib.no"]
[SourceDate "2004.05.04"]

1. d4 Nf6 2. c4 g6 3. Nc3 Bg7 4. e4 d6 5. f4 O-O 6. Nf3 Na6 7. Bd3 Bg4 8. O-O Nd7 9. Be3 e5 10. fxe5 c5 11. d5 Nxe5 12. Be2 Bxf3 13. gxf3 f5 14. f4 Nd7 15. exf5 Rxf5 16. Bg4 Rf8 17. Be6+ Kh8 18. Ne4 Qe7 19. Ng5 Nc7 20. Qg4 Nxe6 21. dxe6 Rf5 22. Rad1 Nf8 23. Rfe1 Kg8 24. Bf2 Bh6 25. Rd5 Bxg5 26. fxg5 Nxe6 27. Bg3 Qxg5 28. Qxg5 Nxg5 29. Re7 Rxd5 30. cxd5 b6 31. Kg2 Nf7 32. Rb7 Re8 33. Kf1 Re4 34. Rxa7 b5 35. Rb7 b4 36. a4 bxa3 37. bxa3 Rd4 38. Ke2 Rxd5 39. a4 Rd4 40. a5 Ra4 41. Be1 Ne5 42. Bc3 Nc6 43. Rb6 Nb4 44. Rxd6 Rxa5 45. Rd8+ Kf7 46. Rd7+ Ke6 47. Rxh7 Ra2+ 48. Kd1 Nd5 49. Bd2 c4 50. Rh3 Ra1+ 51. Kc2 Rg1 52. Bh6 Rg2+ 53. Kc1 Kf5 54. Bg7 g5 55. Rh8 Ke4 56. Re8+ Kd3 57. Rd8 Ke4 58. Re8+ Kf3 59. Be5 Nf4 60. Bf6 c3 61. Bxc3 Ne2+ 62. Kd2 Nxc3+ 63. Kxc3 Rxh2 64. Kd3 Ra2 65. Rf8+ Kg3 66. Ke3 g4 67. Rg8 Ra4 68. Rb8 Ra3+ 69. Ke2 Kg2 70. Rg8 g3 71. Rh8 Ra7 72. Re8 Rf7 73. Re6 Kg1 74. Re8 g2 75. Re6 Rf2+ 0-1

[Event "Open"]
[Site "Kavala GRE"]
[Date "2007.08.05"]
[Round "2"]
[White "Kapnisis, S."]
[Black "Gelashvili, T."]
[Result "0-1"]
[WhiteElo "2412"]
[BlackElo "2604"]
[PlyCount "112"]
[EventDate "2007.08.05"]
[Source "www.chesslib.no"]
[SourceDate "2004.05.04"]

1. d4 Nf6 2. c4 g6 3. Nc3 Bg7 4. e4 d6 5. f4 O-O 6. Nf3 c5 7. dxc5 Qa5 8. Bd3 Qxc5 9. Qe2 Nc6 10. Be3 Qa5 11. O-O Bg4 12. Rac1 Nd7 13. Qf2 Bxf3 14. gxf3 Nc5 15. Bb1 Na4 16. Nd1 b6 17. a3 Qh5 18. b4 a5 19. b5 Nd8 20. Kh1 Nc5 21. f5 e6 22. Rg1 Bf6 23. Qg2 Nb3 24. Rc3 Nd4 25. f4 Ne2 26. Rd3 Nxg1 27. Bxg1 Rc8 28. Ne3 Bg7 29. Rxd6 Nb7 30. Rxb6 Nc5 31. Rd6 Qh4 32. Qf3 Qe7 33. e5 gxf5 34. Bxf5 Qb7 35. Nd5 Kh8 36. Bg4 Na4 37. Ne3 Qxf3+ 38. Bxf3 Bh6 39. Rd4 Rfd8 40. Rxd8+ Rxd8 41. c5 Nxc5 42. Nc4 Nd7 43. Nd6 Kg7 44. Bc6 Bxf4 45. Nb7 Rb8 46. Ba7 Ra8 47. Bd4 Bxe5 48. Be3 Nf6 49. a4 Nd5 50. Bc5 Bc7 51. Nd6 Bxd6 52. Bxd6 Rc8 53. Bc5 Nb4 54. Bxb4 axb4 55. Be4 f5 56. Bd3 Rc3 0-1

[Event "Cappelle"]
[Site "Cappelle la Grande"]
[Date "1994.??.??"]
[Round "6"]
[White "Vaisser, Anatoli"]
[Black "Lane, Gary W"]
[Result "1-0"]
[WhiteElo "2575"]
[BlackElo "2440"]
[PlyCount "95"]
[EventDate "1994.07.??"]
[Source "ChessBase"]

1. d4 Nf6 2. c4 g6 3. Nc3 Bg7 4. e4 d6 5. f4 O-O 6. Nf3 Na6 7. Be2 e5 8. fxe5 dxe5 9. d5 c6 10. O-O Ne8 11. dxc6 Qb6+ 12. Kh1 bxc6 13. Na4 Qb4 14. a3 Qe7 15. Bg5 Bf6 16. Be3 Ng7 17. Qe1 Ne6 18. Qf2 Bg7 19. b4 f5 20. Nc3 f4 21. Bd2 g5 22. h3 h5 23. Nh2 Qf7 24. g4 Nd4 25. Rfd1 h4 26. Nf3 Bf6 27. Rac1 Be6 28. Na4 Rab8 29. Nxd4 exd4 30. Bd3 Nc7 31. e5 Bxe5 32. Re1 Qg7 33. Qf3 Rbd8 34. Re2 Bf7 35. Nc5 Bf6 36. Qxc6 Be5 37. Qf3 Bd6 38. Nb7 Rd7 39. Bf5 Bg6 40. Bxd7 Qxd7 41. c5 Be7 42. c6 Qd5 43. Qxd5+ Nxd5 44. c7 Rc8 45. Rxe7 Nxe7 46. Nd6 Kg7 47. Nxc8 Nxc8 48. Rc4 1-0

[Event "Altensteig"]
[Site "Altensteig"]
[Date "1994.??.??"]
[Round "6"]
[White "Gabriel, Christian"]
[Black "Har Zvi, Ronen"]
[Result "1/2-1/2"]
[WhiteElo "2545"]
[BlackElo "2470"]
[PlyCount "57"]
[EventDate "1994.08.??"]
[Source "ChessBase"]

1. d4 Nf6 2. c4 g6 3. Nc3 Bg7 4. e4 d6 5. f4 O-O 6. Nf3 c5 7. dxc5 Qa5 8. Bd3 Qxc5 9. Qe2 Bg4 10. Be3 Qa5 11. O-O Nc6 12. Rac1 Nd7 13. Qf2 Bxf3 14. gxf3 Nc5 15. Bb1 Na4 16. Nxa4 Qxa4 17. h4 Qb4 18. b3 a5 19. c5 Bd4 20. Rc4 Bxe3 21. Qxe3 Qa3 22. h5 dxc5 23. Rxc5 Rad8 24. Rg5 Qb2 25. Rg2 Qd4 26. Qxd4 Rxd4 27. f5 Kg7 28. f4 e5 29. fxg6 1/2-1/2

[Event "1/4 Coupe de France"]
[Site "Senat"]
[Date "2003.05.24"]
[Round "1"]
[White "Flear, Glenn"]
[Black "Apicella, Manuel"]
[Result "1-0"]
[WhiteElo "2509"]
[BlackElo "2501"]
[PlyCount "63"]
[EventDate "2003.05.24"]
[Source "Roberto Alvarez"]
[SourceDate "2003.06.30"]

1. d4 Nf6 2. c4 g6 3. Nc3 Bg7 4. e4 d6 5. f4 O-O 6. Nf3 Bg4 7. Be3 e5 8. dxe5 Bxf3 9. gxf3 Nh5 10. exd6 Qh4+ 11. Kd2 Nxf4 12. Kc2 cxd6 13. Qxd6 Ne6 14. Qg3 Qf6 15. Rd1 Nc6 16. Kb1 Rad8 17. Be2 Ncd4 18. Rd2 Nxe2 19. Rxe2 Nd4 20. Rf2 Qa6 21. Rd2 Qxc4 22. Rc1 Qa6 23. Rcd1 Nc6 24. Nd5 Kh8 25. Bc5 Rfe8 26. Qf4 Qa5 27. Bd6 Rc8 28. Qxf7 Nd4 29. Nf6 Nxf3 30. Nxe8 Nxd2+ 31. Rxd2 Bh6 32. Qf6+ 1-0

[Event "Platja d'Aro Barcino"]
[Site "Platja d'Aro"]
[Date "1994.??.??"]
[Round "?"]
[White "Rodriguez, Orestes"]
[Black "Dorfman, Josif D"]
[Result "1/2-1/2"]
[WhiteElo "2440"]
[BlackElo "2570"]
[PlyCount "94"]
[EventDate "1994.10.??"]
[Source "www.chesslib.no"]
[SourceDate "2004.05.04"]

1. d4 Nf6 2. c4 g6 3. Nc3 Bg7 4. e4 d6 5. f4 O-O 6. Nf3 Na6 7. Be2 e5 8. fxe5 dxe5 9. d5 Nc5 10. Bg5 h6 11. Bxf6 Qxf6 12. b4 Na6 13. Rb1 c5 14. a3 Qb6 15. Qd2 Rd8 16. h4 h5 17. b5 Nc7 18. Qe3 Qd6 19. O-O Rf8 20. Kh1 b6 21. Rf2 Ne8 22. Ng5 Qd7 23. d6 Nxd6 24. Nd5 Qd8 25. Rd1 f6 26. Rdf1 Rb8 27. Qg3 Kh8 28. Nf7+ Rxf7 29. Qxg6 f5 30. Qxh5+ Kg8 31. exf5 Rxf5 32. Rxf5 Nxf5 33. Kg1 Qxh4 34. Rxf5 Qxh5 35. Ne7+ Kh7 36. Rxh5+ Bh6 37. Rxe5 Bf4 38. Re4 Bg5 39. Bd3 Kg7 40. Nxc8 Rxc8 41. Re6 Kf7 42. Rd6 Rd8 43. Rxd8 Bxd8 44. Kf2 Kf6 45. Kf3 Ke5 46. Be4 Bg5 47. Bd5 Bd2 1/2-1/2

[Event "Hoogovens-B"]
[Site "Wijk aan Zee"]
[Date "1992.??.??"]
[Round "7"]
[White "Moskalenko, Viktor"]
[Black "Ermenkov, Evgenij"]
[Result "1-0"]
[WhiteElo "2505"]
[BlackElo "2505"]
[PlyCount "87"]
[EventDate "1992.01.??"]
[Source "ChessBase"]

1. d4 Nf6 2. c4 g6 3. Nc3 Bg7 4. e4 O-O 5. f4 d6 6. Nf3 Bg4 7. Be2 Nfd7 8. Be3 e5 9. fxe5 dxe5 10. d5 Bxf3 11. Bxf3 Bh6 12. Bf2 Qe7 13. O-O a5 14. a3 Na6 15. Rb1 b6 16. b4 axb4 17. axb4 Rfd8 18. Nb5 c5 19. d6 Qf8 20. bxc5 Naxc5 21. Bh4 f6 22. Bg4 Be3+ 23. Kh1 Qh6 24. Bxf6 Nxf6 25. Rxf6 Kg7 26. Rf3 Nxe4 27. Qe2 Nd2 28. Rh3 Qf4 29. Re1 Bf2 30. Rd1 Ra2 31. Nc3 Rxd6 32. Nxa2 h5 33. Bf3 e4 34. Bxh5 Bc5 35. Nc3 e3 36. Nd5 Rxd5 37. cxd5 Ne4 38. Rf3 Qg5 39. Rdf1 Qxh5 40. Rf7+ Kh6 41. Qxh5+ Kxh5 42. g4+ Kxg4 43. R7f4+ Kg5 44. Rxe4 1-0

[Event "Koop Tjuchem op"]
[Site "Groningen"]
[Date "1996.??.??"]
[Round "5"]
[White "Leitao, Rafael"]
[Black "Cvitan, Ognjen"]
[Result "1-0"]
[WhiteElo "2475"]
[BlackElo "2535"]
[PlyCount "85"]
[EventDate "1996.12.20"]
[Source "www.chesslib.no"]
[SourceDate "2004.05.04"]

1. d4 Nf6 2. c4 g6 3. Nc3 Bg7 4. e4 d6 5. f4 O-O 6. Nf3 c5 7. dxc5 Qa5 8. Bd3 Qxc5 9. Qe2 Bg4 10. Be3 Qa5 11. O-O Nc6 12. Rac1 Rac8 13. Rfd1 Nd7 14. Bb1 Nc5 15. Nd5 Rfe8 16. Qf2 Na4 17. b4 Qd8 18. e5 dxe5 19. Nf6+ exf6 20. Rxd8 Rcxd8 21. fxe5 Bxf3 22. Qxf3 f5 23. Bg5 Nd4 24. Qa3 Ne2+ 25. Kf2 Nxc1 26. Qxa4 Bxe5 27. Bxc1 Bd4+ 28. Kf1 Bc3 29. Bg5 f6 30. Bh4 Bd4 31. c5 Re7 32. Bd3 Kg7 33. Qc2 Be5 34. Be1 Rd4 35. g3 Rd8 36. b5 Red7 37. Be2 f4 38. c6 Rc7 39. Bf3 fxg3 40. Bxg3 Bxg3 41. hxg3 bxc6 42. bxc6 Re8 43. Qc5 1-0

[Event "Malmo"]
[Site "Malmo SWE"]
[Date "1987.??.??"]
[Round "?"]
[White "Garcia Palermo, Carlos H"]
[Black "Hellers, Ferdinand"]
[Result "1/2-1/2"]
[WhiteElo "2520"]
[BlackElo "2490"]
[PlyCount "66"]
[EventDate "1987.12.??"]
[Source "www.chesslib.no"]
[SourceDate "2004.05.04"]

1. d4 Nf6 2. c4 g6 3. Nc3 Bg7 4. e4 d6 5. f4 O-O 6. Nf3 c5 7. dxc5 Qa5 8. Bd3 Qxc5 9. Qe2 Bg4 10. Be3 Qa5 11. O-O Nc6 12. Rac1 Rac8 13. a3 Nd7 14. Nb5 a6 15. b4 Qd8 16. Nc3 a5 17. Qb2 axb4 18. axb4 Nb6 19. Qf2 Nd7 20. b5 Na5 21. Nd2 Nc5 22. Be2 Bxe2 23. Qxe2 Ncb3 24. Nxb3 Nxb3 25. Rb1 Na5 26. Nd5 Nxc4 27. Rbc1 e6 28. Rxc4 exd5 29. Rxc8 Qxc8 30. exd5 Qf5 31. Rd1 Re8 32. Qd3 Qxd3 33. Rxd3 Rxe3 1/2-1/2

[Event "Ostrava"]
[Site "Ostrava"]
[Date "1993.??.??"]
[Round "?"]
[White "Vokac, Marek"]
[Black "Kovalev, Andrei"]
[Result "1-0"]
[WhiteElo "2465"]
[BlackElo "2545"]
[PlyCount "107"]
[EventDate "1993.09.??"]
[Source "ChessBase"]

1. d4 Nf6 2. c4 g6 3. Nc3 Bg7 4. e4 O-O 5. f4 d6 6. Nf3 Na6 7. e5 Nd7 8. Be2 c5 9. exd6 cxd4 10. Nxd4 Nb6 11. O-O Qxd6 12. Be3 Qc5 13. Ne4 Qc7 14. Qb3 Rd8 15. Rad1 Bd7 16. c5 Nd5 17. Qxd5 Bc6 18. Qc4 Bxe4 19. Ne6 fxe6 20. Qxe6+ Kh8 21. Qxe4 Nxc5 22. Qc4 Na6 23. Qxc7 Nxc7 24. Bf3 Rd6 25. Rxd6 exd6 26. Rc1 Ne6 27. Bxb7 Rf8 28. Rc8 Nc5 29. Rxf8+ Bxf8 30. Bd5 a5 31. Bd2 a4 32. b4 axb3 33. axb3 Bg7 34. Kf1 Bd4 35. Ke2 Kg7 36. b4 Nd7 37. Kd3 Bg1 38. h3 h5 39. g4 hxg4 40. hxg4 Nb6 41. Ke4 Kf6 42. g5+ Ke7 43. Bb3 Bf2 44. Bc3 Bg1 45. Bf6+ Kf8 46. Be6 Na8 47. f5 Nc7 48. Bb3 d5+ 49. Kf4 Bh2+ 50. Kg4 Bd6 51. fxg6 Bxb4 52. g7+ Kf7 53. Be5 Ba5 54. Kh5 1-0